The nightfishing. : [Poems].

Bibliographic Details
Main Author: Graham, W. S. (William Sydney), 1918-1986
Format: Book
Language:English
Published: New York : Grove Press, [1955]

MARC

Tag First Indicator Second Indicator Subfields
LEADER 00000cam a2200000 4500
001 in00000026434
005 20151007061254.0
008 770523s1955 nyu 00000 eng c
010 |a  55006274  
035 |a (OCoLC)02987928 
035 |9 AAD1630AM 
040 |a U.S.Q.B.R.  |c WLU  |d TXA  |d UtOrBLW 
049 |a TXAM  |c [255049] 
050 1 0 |a PR6013 
082 0 |a 821.91 
090 |a PR6013.R23  |b N5 
092 |a 821  |b G742n 
100 1 |a Graham, W. S.  |q (William Sydney),  |d 1918-1986. 
245 1 4 |a The nightfishing. :  |b [Poems]. 
264 1 |a New York :  |b Grove Press,  |c [1955] 
300 |a 75 pages ;  |c 23 cm. 
336 |a text  |b txt  |2 rdacontent 
337 |a unmediated  |b n  |2 rdamedia 
338 |a volume  |b nc  |2 rdacarrier 
999 |a MARS 
999 f f |s 09cf2e43-d817-3c96-a436-09e6a6428b01  |i f2bb32cf-58d1-3c5e-a0b0-42d719ced512  |t 0 
952 f f |p ric  |a Texas A&M University  |b Rellis Campus  |c Joint Library Facility  |d Remote Storage  |t 0  |e PR6013.R23 N5  |h Library of Congress classification  |i unmediated -- volume  |m A14801280139 
998 f f |a PR6013.R23 N5  |t 0  |l Remote Storage